[Event "Dortmund Sparkassen op-B"]
[Site "Dortmund"]
[Date "2011.07.30"]
[Round "8"]
[White "Huckebrink, Chris"]
[Black "Geihe, Michael"]
[Result "1/2-1/2"]
[WhiteElo "1778"]
[BlackElo "1464"]
[PlyCount "89"]
[EventDate "2011.07.23"]
[EventType "swiss"]
[EventRounds "9"]
[EventCountry "GER"]
[SourceTitle "EXT 2013"]
[Source "ChessBase"]
[SourceDate "2012.11.22"]
[SourceVersion "1"]
[SourceVersionDate "2012.11.22"]
[SourceQuality "1"]

1. Nf3 c5 2. e4 e6 3. c3 d5 4. exd5 exd5 5. d4 Nf6 6. Bb5+ Bd7 7. Qe2+ Qe7 8. 0-0 c4 9. Bxd7+ Nbxd7 10. Qxe7+ Bxe7 11. Re1 Ne4 12. Nfd2 f5 13. b3 cxb3 14. axb3 Kf7 15. Nxe4 fxe4 16. Ra5 Nf6 17. Bg5 Rhd8 18. Rd1 a6 19. Nd2 Rac8 20. Nb1 Rc6 21. Kf1 h6 22. Bf4 g5 23. Be5 h5 24. Bxf6 Kxf6 25. Ke2 g4 26. Rc1 Ke6 27. Re1 Rf8 28. Rd1 Bd6 29. c4 b5 30. Nc3 bxc4 31. Nxd5 cxb3 32. Ne3 Kd7 33. Rb1 Rb8 34. Ra4 b2 35. Nc4 Bxh2 36. g3 Kc7 37. Nd2 e3 38. Kxe3 Rc3+ 39. Ke2 h4 40. gxh4 Bf4 41. Rc4+ Rxc4 42. Nxc4 Bc1 43. Ne5 Rh8 44. Nd3 Rxh4 45. Nxc1 1/2-1/2

[Event "Dortmund Sparkassen op-B"]
[Site "Dortmund"]
[Date "2010.07.20"]
[Round "4"]
[White "Geihe, Michael"]
[Black "Fistoul, Boris"]
[Result "0-1"]
[WhiteElo "1563"]
[BlackElo "1468"]
[PlyCount "46"]
[EventDate "2010.07.17"]
[EventType "swiss"]
[EventRounds "9"]
[EventCountry "GER"]
[SourceTitle "EXT 2014"]
[Source "ChessBase"]
[SourceDate "2013.11.20"]
[SourceVersion "1"]
[SourceVersionDate "2013.11.20"]
[SourceQuality "1"]

1. e4 e6 2. d4 b6 3. Nc3 Bb7 4. Nf3 Bb4 5. Bd3 Nf6 6. Qe2 c5 7. d5 0-0 8. dxe6 dxe6 9. e5 Bxf3 10. Qxf3 Nd5 11. 0-0 Bxc3 12. bxc3 Nd7 13. Qe4 g6 14. c4 Nb4 15. Rd1 Nxd3 16. Rxd3 f5 17. exf6 Qxf6 18. Qe3 Qxa1 19. Rxd7 Qf6 20. Bd2 Rad8 21. Rxd8 Rxd8 22. f3 Qd4 23. Kf2 Qxd2+ 0-1

[Event "Dortmund Sparkassen op-B"]
[Site "Dortmund"]
[Date "2010.07.17"]
[Round "1"]
[White "Thiemann, Marc"]
[Black "Geihe, Michael"]
[Result "0-1"]
[WhiteElo "835"]
[BlackElo "1563"]
[PlyCount "60"]
[EventDate "2010.07.17"]
[EventType "swiss"]
[EventRounds "9"]
[EventCountry "GER"]
[SourceTitle "EXT 2014"]
[Source "ChessBase"]
[SourceDate "2013.11.20"]
[SourceVersion "1"]
[SourceVersionDate "2013.11.20"]
[SourceQuality "1"]

1. e4 c6 2. d4 d5 3. e5 Bf5 4. Nc3 e6 5. Nf3 Nd7 6. Bd3 Bxd3 7. Qxd3 c5 8. dxc5 Bxc5 9. Be3 Ne7 10. Na4 Qa5+ 11. Nc3 0-0 12. Qb5 Qc7 13. 0-0-0 Bxe3+ 14. fxe3 a6 15. Qa4 Nxe5 16. Qf4 N7g6 17. Qg3 Rac8 18. Rde1 b5 19. e4 b4 20. Nxe5 Nxe5 21. exd5 f6 22. dxe6 bxc3 23. b3 Rfe8 24. h4 Qa5 25. a4 Qb4 26. h5 Rcd8 27. Kb1 Rd3 28. cxd3 Qxb3+ 29. Kc1 Qb2+ 30. Kd1 Qd2# 0-1